Statistics for John Cena Theme Song Lyrics

Click here to take the quiz!

General Stats

  • This quiz has been taken 295 times
  • The average score is 160 of 420

Answer Stats

Lyrics% Correct
I
91%
Time
87%
My
84%
You
84%
Is
82%
No
82%
Can
79%
Me
78%
See
77%
Now
73%
Can't
69%
A
66%
The
64%
Your
60%
Up
59%
It
51%
Franchise
48%
I'm
41%
It's
41%
For
40%
Of
40%
And
39%
So
37%
Shining
35%
Knock
33%
In
32%
Hot
31%
Like
31%
Off
31%
Boy
30%
Shell
29%
Colgate
28%
We
28%
Who
28%
Be
27%
Down
27%
He
27%
Money
26%
Ass
25%
Got
25%
Still
25%
Case
24%
Cena
24%
John
24%
Mouth
24%
Stack
24%
Three
24%
Brush
23%
Second
23%
Soldier
23%
They
23%
Forgot
22%
Lay
22%
On
22%
Whole
22%
Fell
21%
With
21%
But
20%
Never
20%
Thunder
20%
Drop
18%
Fishing
18%
Gon'
18%
Lightning
18%
Nails
18%
Plus
18%
Swell
18%
Big
17%
Fat
17%
Harder
17%
Hate
17%
This
17%
Turn
17%
What
17%
Block
16%
Catch
16%
Fighting
16%
Kid
16%
Man
16%
Than
16%
Any
15%
Automatic
15%
Finish
15%
Jail
15%
Let
15%
Way
15%
Ain't
14%
Breaking
14%
Clan
14%
Could
14%
Division
14%
If
14%
Lock
14%
Next
14%
Or
14%
Run
14%
Soul
14%
Tan
14%
That
14%
Under
14%
Weather
14%
Chumps
13%
Keep
13%
Part
13%
Stay
13%
Stormin'
13%
Straight
13%
Sweater
13%
Win
13%
Wishing
13%
Bait
12%
Competition
12%
Doing
12%
Business
11%
Gone
11%
You'll
11%
Better
10%
'em
10%
Hear
10%
Hold
10%
Stale
10%
Weight
10%
Are
9%
Five
9%
Live
9%
Man's
9%
Not
9%
Slaughtering
9%
When
9%
Cause
8%
Ice
8%
Those
8%
All
7%
Gold
7%
Horns
7%
Know
7%
Pounds
7%
Don't
6%
Helps
6%
Tee
6%
Their
6%
Yeah
6%
By
5%
Guns
5%
Happens
5%
That's
5%
Age
4%
No-No
4%
Photos
4%
Recipe
4%
Though
4%
Trademarc
4%
Courage
3%
Dough
3%
Life
3%
Living
3%
Love
3%
Matters
3%
Melt
3%
Pants
3%
Pop
3%
Same
3%
Show
3%
Victory
3%
About
2%
Bread
2%
Buddy
2%
Clothing
2%
Dance
2%
Lip
2%
Make
2%
Measured
2%
Minks
2%
Reason
2%
Self
2%
Status
2%
War
2%
Ya'll
2%
Years
2%
Aiming
1%
Condemn
1%
Gift
1%
Knowledge
1%
Leather
1%
Lines
1%
Links
1%
Marc
1%
Monetary
1%
Piece
1%
Rock
1%
Seeking
1%
Spent
1%
Stances
1%
Step
1%
Thinks
1%
Tint
1%
Twenty
1%
Ugh
1%
Um
1%
Wealth
1%
Base
0%
Benny
0%
Blatant
0%
Insist
0%
Predka's
0%
Rep
0%
Talked
0%
Tocks
0%

Score Distribution

Percentile by Number Answered

Percent of People with Each Score

Your Score History

You have not taken this quiz